Assassinations in History - Statistics

General Stats
  • This quiz has been taken 168 times
  • The average score is 7 of 9
Answer Stats
Assassinations in History Answer % Correct
John Lennon was assassinated in which year? 1980
93%
Can you also name the year? 1968
89%
Franz Ferdinand was assassinated in what capital city of Europe? Sarajevo
87%
Abraham Lincoln was assassinated in which type of building (UK spelling) ? Theatre
80%
Martin Luther King was assasinated in which city? Memphis
76%
Who was assassinated by Sirhan Sirhan? Robert Kennedy
76%
Who was the second American president to be assassinated? James Garfield
68%
Yitzhak Rabin was assassinated in which city? Tel Aviv
65%
There has been only one UK prime minister assassinated can you name him? Spencer Perceval
24%
No matching quizzes found
Score Distribution
Percent of People with Each Score
Percentile by Number Answered
Your Score History
You have not taken this quiz